black ops zombie maps - Statistics

General Stats
  • This quiz has been taken 1,467 times
    1,464 since last reset
  • The average score is 6 of 7
Answer Stats
Answer % Correct
five
93%
moon
93%
kino der toten
92%
call of the dead
77%
shangri la
76%
ascension
75%
dead ops
73%
No matching quizzes found
Score Distribution
Percent of People with Each Score
Percentile by Number Answered
Your Score History
You have not taken this quiz since the last reset